Statistics for Star Wars deaths

Click here to take the quiz!

General Stats

  • This quiz has been taken 16 times
  • The average score is 7 of 11

Answer Stats

Planet Death Character % Correct
DagobahAllowed himself to become part of the forceYoda
100%
Second Death StarSacraficed himself to kill his masterDarth Vader
94%
Starkiller BaseWas stabbed by Kylo RenHan Solo
88%
Death StarAllowed Darth Vader to kill himObi-Wan Kenobi
81%
TatooineWas shot in a cantinaGreedo
75%
SpaceHis head and hands were cut off with a lightsabreCount Dooku
69%
TatooineWas choked by Princess LeiaJabba the Hutt
69%
GeonosisHis head was cut off by with lightsabreJango Fett
50%
NabooWas stabbed by Darth MaulQui-Gonn Jinn
50%
UtupauWas shot multiple times until he was burnt to a crispGeneral Grievous
44%
FeluciaWas shot by clone troopersAayla Secura
25%

Score Distribution

Percentile by Number Answered

Percent of People with Each Score

Your Score History

You have not taken this quiz